Statistics for The Only Continent...

Click here to take the quiz!

General Stats

  • This quiz has been taken 30 times
  • The average score is 9 of 10

Answer Stats

One of the continents that...Continents% Correct
lies in all four hemispheres exactly in the middleAfrica
96%
borders the previous continentAsia
96%
only borders the previous continent in the westEurope
96%
doesn’t have at least one countryAntarctica
93%
early humans didn’t migrateAntarctica
85%
doesn’t have a land area of at least 10 million square kilometersOceania
85%
doesn’t have at least 100 million people (not including Antarctica)Oceania
85%
tornadoes here never get occurredAntarctica
81%
has 2 countries that have the color purple in their flagNorth America
78%
only borders the previous continentSouth America
78%

Score Distribution

Percentile by Number Answered

Percent of People with Each Score

Your Score History

You have not taken this quiz